Az új középiskola

Elmentve itt :
Bibliográfiai részletek
Szerző: Kohlbach Bertalan
Dokumentumtípus: Cikk
Megjelent: 1918
Sorozat:Magyar pedagógia : a Magyar Tudományos Akadémia Pedagógiai Bizottságának folyóirata 27
Kulcsszavak:Közoktatás magyar 20. sz., Oktatásügy magyar 20. sz., Középiskola
Online Access:http://misc.bibl.u-szeged.hu/9953
LEADER 00690nab a2200181 i 4500
001 misc9953
005 20191106143357.0
008 170607s1918 hu o 0|| hun d
022 |a 0025-0260 
040 |a SZTE Miscellanea Repozitórium  |b hun 
041 |a hun 
100 1 |a Kohlbach Bertalan 
245 1 3 |a Az új középiskola  |h [elektronikus dokumentum] /  |c  Kohlbach Bertalan 
260 |c 1918 
300 |a 527-531 
490 0 |a Magyar pedagógia : a Magyar Tudományos Akadémia Pedagógiai Bizottságának folyóirata  |v 27 
695 |a Közoktatás magyar 20. sz., Oktatásügy magyar 20. sz., Középiskola 
856 4 0 |u http://misc.bibl.u-szeged.hu/9953/1/mp_1918_2678_527-531.pdf  |z Dokumentum-elérés